Prostate Cure (Record no. 1533)

MARC details
000 -LEADER
fixed length control field 00343nam a2200145Ia 4500
008 - FIXED-LENGTH DATA ELEMENTS--GENERAL INFORMATION
fixed length control field 230312s9999||||xx |||||||||||||| ||und||
020 ## - INTERNATIONAL STANDARD BOOK NUMBER
International Standard Book Number 0-609-60323-X
082 ## - DEWEY DECIMAL CLASSIFICATION NUMBER
Classification number 616.6506
Item number PRE-T
100 ## - MAIN ENTRY--PERSONAL NAME
Personal name Preuss;Harry
245 #0 - TITLE STATEMENT
Title Prostate Cure
260 ## - PUBLICATION, DISTRIBUTION, ETC.
Name of publisher, distributor, etc. Affinity
Place of publication, distribution, etc. New york
Date of publication, distribution, etc. 1998
300 ## - PHYSICAL DESCRIPTION
Extent 249
650 ## - SUBJECT ADDED ENTRY--TOPICAL TERM
Topical term or geographic name entry element Medical
Form subdivision Peadiatric
942 ## - ADDED ENTRY ELEMENTS (KOHA)
Koha item type BOOK
Holdings
Withdrawn status Lost status Source of classification or shelving scheme Damaged status Not for loan Home library Current library Date acquired Total Checkouts Full call number Barcode Date last seen Price effective from Koha item type
    Dewey Decimal Classification     Superior Information Resource Center (SIRC) Superior University- Central Library Superior Information Resource Center (SIRC) Superior University- Central Library 03/13/2023   616.6506 PRE-T 1543 03/13/2023 03/13/2023 BOOK

Powered by Koha